000 00837nam a2200241 u 4500
001 000002919
005 20260218080533.0
008 090706s1985 dr 000 0 spa d
040 _aDO-SdBNP
_bspa
_cBNPHU
082 _a335.4
_bP644m
100 1 _aPimentel, Miguel
_99271
245 1 0 _aMarxismo y positivismo /
_cMiguel Pimentel.
260 _aSanto Domingo :
_bUniversitaria,
_c1985.
490 1 _aFilosofía y sociedad
_v2
490 1 _aPublicaciones de la universidad Autónoma de Santo Domingo
_v373
504 _aBibliográfia : p. 303-304
590 _aInventariado, 2019/MFF
650 0 _aMarxismo
_95234
650 0 _aSocialismo
_9287
650 0 _aPositivismo
_92423
830 0 _aFilosofía y sociedad
_v2
_pPublicaciones de la universidad Autónoma de Santo Domingo
_n373
_99272
910 _aValidado. Control de calidad MFF
999 _c2752
_d2752